| 000 | 00942nam0a22002531 4500 | ||
|---|---|---|---|
| 001 | rc\2341441 | ||
| 005 | 20110829151021.2 | ||
| 035 | _a(NLR Aleph) 006475067 | ||
| 090 |
_a5975116 _c5975116 |
||
| 100 | _a20110829d1977 |||y0rusy50 ca | ||
| 101 | 1 |
_arus _cest |
|
| 102 | _aRU | ||
| 105 | _ay z |||a| | ||
| 200 | 1 |
_aНоябрь у моря _eПьеса в 1 акте _fАвториз. пер. с эст. А. Антохина _gОтв. ред. М. Медведева _gБюро распространения драм. произведений и информ.-рекл. материалов ВААП |
|
| 210 |
_aМосква _cБ. и. _d1977 |
||
| 215 |
_a32 с. _d28 |
||
| 700 | 1 |
_aТуулик _bЮ. К. _f1940- _gЮри Каарелович |
|
| 702 | 1 |
_aМедведева _bМ. _4340 |
|
| 702 | 1 |
_aАнтохин _bА. _4730 |
|
| 801 | 0 |
_aRU _bNLR _gpsbo |
|
| 801 | 1 |
_aRU _bELAR _2rusmarc |
|
| 852 |
_aNLR _j77-8/2450 |
||
| 942 | _cBOOK | ||
| 980 | _aNB | ||